000 00691nam a2200253 a 4500
999 _c552
_d552
001 552
003 BD-JhCC
005 20171007110948.0
008 171007s2008 as a|||| ||a| 001 0 eng d
020 _a9780521732178
035 _a(BD-JhCC) 552
040 _aBD-JhCC
_dBD-JhCC
041 _aeng
082 _a428.24
_bMCC 2008
100 _aMcCarthy, Michael
245 _aAcademic Vocabulary in Use /
_cMichael McCarthy
260 _aCambridge New York:
_bCambridge University Press,
_c2008
300 _a176 p.:
_c22 cm.
500 _aIncludes Index
504 _aIncludes Bibliography
650 _aVocabulary
_xEnglish Language
942 _2ddc
_cBK